02096nam a2200265Ia 4500001000600000003000900006008004100015040001300056040001300069041001500082100001900097100002900116245006800145245015900213250001100372260001200383260001300395260004900408300005700457500118100514650002201695650003101717700002801748700005401776K0545IT-RoPAU130308s9999 xx 000 0 und d aIT-RoPAU cIT-RoPAU aITALIANO  aArmocida Pedro gCodice Aut. SPICS: 54513 aCinema argentino contemporaneo e l'opera di Leonardo Favio (Il) bCinema Argentino Contemporaneo e L'Opera di Leonardo Favio (Il)  a1a ed. aVENEZIA bMarsilio c2006 [1° Ed.:2006 - Ed.Ling.Originale:2006] a"222 p. (prefazione: no ; testo: 222 [pagine: 0-0])" a"Tra Amore e Paura Argentina nella Palude Neoliberista di M.A.Tozzini. Novità nel Sistema di Produzione un Cinema a misura Dello Stato Nuova legge del '95 Rapporti con Televisione di A.A. Marion. Realisti e Non Realisti registi Argentini Anni Novanta di S. Schwarzbock. Stile e Scrittura nel Cinema Argentino Anni '90 di S. Wolf. Due Modalità Documentario Argentino Anni '90 di E. Bernini. commedia e Cinema commerciale di P. Scholz. Nascere e Ri Nascere un Decennio di Animazione Argentina di R. Manrupe. Nuovi Attori e Modelli classici di G. Noriega. Critica Cinematografica in Argentina di D. Oubina. tra vecchio e Nuovo Cinema Politico in Argentina di O. Getino. Italiani in Argentina di G. Ottone. Cinema di Leonardo Favio: Parola di cantastorie Conversazione con L. Favio di D. Dottorini; resistenza e Pietà di D. Oubina; Alla Ricerca del Popolo Juan Moreira di L. Favio a cura di G. Aguilar; L. Favio Simplemente una Vida di D. Dottorini; Filmografia Commentata a cura di D. Dottorini. Strumenti: principali registi Nuovo Cinema Argentino Dizionario Possibile di F.M. Pena; Bibliografia Essenziale di D. Dottorini; profilo Autori. " aSTORIA DEL CINEMA eCodice materia Spics: 6808 aDottorini DanieleAA.VV. gCodice Aut. SPICS: 40866Codice Aut. SPICS: 12000